000 004680000a22001690004500
041 0 _aENG
082 0 4 _aG 251 S7723s
100 1 _aSpurgeon, C. H. (Charles Haddon) (1834-1892)
245 1 0 _aLectures to my students / C. H. Spurgeon
260 _aLondres, Inglaterra : Marshall, Morgan & Scott
300 _a443 Pag
001 6063
942 _cBK
999 _c36394
_d36394
336 _atexto
_btxt
_2rdacontent
337 _2rdamedia
_asin mediación
_bn
338 _2rdacarrier
_avolumen
_bnc